Spoveď spisovateľa svojho veku

Podrobná bibliografia
Hlavný autor: Ballo, Fedor, 1920-1998 (Autor)
Médium: Článok
Jazyk:slovenčina
Predmet:

MARC

LEADER 00000cab a2200000 4500
001 vtls011514869
003 SK-MaSNL
005 20260303181047.0
008 230704|1962 xo |||||||||||||||||slo|
015 |a SNBRB 
035 |a (urnnbn)urn:nbn:sk:snk:ar-001gtj 
035 |a (uuid)aef6291c-ddc5-4c77-b00f-a09e8be9a984 
035 |a urn:nbn:sk:snk-abe4n0 
040 |a SNKBUCL  |b slo  |c SNKBUCL  |e AACR2 
041 0 |a slo 
044 |a xo  |c SK 
080 |a (0:82-95)  |2 2011 
080 |a 82.09:821.133.1-31  |2 2011 
080 |a 821.133.1-31  |2 2011 
100 1 |a Ballo, Fedor,  |d 1920-1998  |4 aut  |9 145479 
245 1 0 |a Spoveď spisovateľa svojho veku  |c Fedor Ballo 
650 0 7 |a francúzske romány  |2 SNKPH  |9 352053 
655 7 |a recenzie  |2 SNKPH  |9 21907 
773 0 |t Slovenské pohľady  |g Roč. 78, č. 4 (1962), s. 147-148 
787 0 8 |i Recenzia:  |a Thomas, Henri  |t Pahorok  |d Paríž : Gallimard, 1961 
850 |a Slovenská národná knižnica 
852 |a Slovenská národná knižnica 
954 |a odborná, vedecká literatúra pôvodná (slovenská)  |2 lita 
958 |a RC 
958 |a LX 
958 |a BC 
958 |a FR 
958 |a OND 
958 |a EUIPO 
958 |a article21 
999 |c 2108837  |d 2110767